Bioresources processing : (Record no. 53269)

MARC details
000 -LEADER
fixed length control field 00721nam a2200241Ia 4500
005 - DATE AND TIME OF LATEST TRANSACTION
control field 20260429112257.0
008 - FIXED-LENGTH DATA ELEMENTS--GENERAL INFORMATION
fixed length control field 260429s9999||||xx |||||||||||||| ||und||
020 ## - INTERNATIONAL STANDARD BOOK NUMBER
International Standard Book Number 9789348596253
041 ## - LANGUAGE CODE
Language English
082 ## - DEWEY DECIMAL CLASSIFICATION NUMBER
Classification number 660.6
Item number VEN
100 ## - MAIN ENTRY--PERSONAL NAME
Personal name Venkateswarulu, T. C.
245 #0 - TITLE STATEMENT
Title Bioresources processing :
Remainder of title technologies and applications /
Statement of responsibility, etc T. C. Venkateswarulu
260 ## - PUBLICATION, DISTRIBUTION, ETC. (IMPRINT)
Place of publication, distribution, etc New Delhi :
Name of publisher, distributor, etc Today & Tomorrow's Printers and Publishers,
Date of publication, distribution, etc 2025.
300 ## - PHYSICAL DESCRIPTION
Extent 282 p.; hb
650 ## - SUBJECT ADDED ENTRY--TOPICAL TERM
Topical term or geographic name as entry element Biotechnology
650 ## - SUBJECT ADDED ENTRY--TOPICAL TERM
Topical term or geographic name as entry element Resource processing
650 ## - SUBJECT ADDED ENTRY--TOPICAL TERM
Topical term or geographic name as entry element Bioresources
700 ## - ADDED ENTRY--PERSONAL NAME
Personal name Balasubramaniyan, Malathi
700 ## - ADDED ENTRY--PERSONAL NAME
Personal name Bobby, Md. Nazneen
700 ## - ADDED ENTRY--PERSONAL NAME
Personal name David, Charles
700 ## - ADDED ENTRY--PERSONAL NAME
Personal name Tiwari, O. N.
942 ## - ADDED ENTRY ELEMENTS (KOHA)
Koha item type Text Books
Holdings
Withdrawn status Lost status Damaged status Not for loan Collection code Home library Location Shelving location Date of Cataloging Source of acquisition Total Checkouts Full call number Barcode Date last seen Price effective from Koha item type
        Non-fiction CUTN Central Library CUTN Central Library Medicine, Technology & Management 29/04/2026 Today and Tomorrow’s Printers & Publishers, New Delhi - Invoice No. IN-00470 on 10-02-2026   660.6 VEN 58601 29/04/2026 29/04/2026 Text Books